Les Meilleurs buteurs de la Coupe du monde de football - Statistiques

Statistiques générales
  • Ce quiz a été pris 125 fois
  • Le résultat moyen est 8 sur 15
Statistiques - réponses
Buts Équipe Détail par édition Joueur % Correct
12 France 2018 (4), 2022 (8) Kylian Mbappé
98%
15 Brésil 1994 (0),1998 (4), 2002 (8), 2006 (3) Ronaldo
98%
14 Allemagne 1970 (10), 1974 (4) Gerd Müller
92%
10 Allemagne 2010 (5), 2014 (5), 2018 (0), 2022 (0) Thomas Müller
91%
12 Brésil 1958 (6), 1962 (1), 1966 (1), 1970 (4) Pelé
88%
13 France 1958 (13) Just Fontaine
87%
16 Allemagne 2002 (5), 2006 (5), 2010 (4), 2014 (2) Miroslav Klose
86%
13 Argentine 2006 (1), 2010 (0), 2014 (4), 2018 (1), 2022 (7) Lionel Messi
77%
10 Argentine 1994 (4), 1998 (5), 2002 (1) Gabriel Batistuta
33%
10 Angleterre 1986 (6), 1990 (4) Gary Lineker
22%
11 Allemagne 1990 (3), 1994 (5), 1998 (3) Jürgen Klinsmann
16%
11 Hongrie 1954 (11) Sándor Kocsis
7%
10 Pologne 1974 (7), 1978 (2), 1982 (1) Grzegorz Lato
3%
10 Pérou 1970 (5), 1978 (5), 1982 (0) Teófilo Cubillas
2%
10 Allemagne 1954 (4), 1958 (6) Helmut Rahn
1%
Aucun quiz correspondant
Distribution des résultats
% des personnes avec chaque résultat
Percentile par nombre de réponses
Votre historique - résultats
Vous n’avez pas pris ce quiz